| 000 | 00662nam a2200253Ia 4500 | ||
|---|---|---|---|
| 008 | 160303s9999 xx 000 0 und d | ||
| 020 | _a978-971-93507-1-2 | ||
| 050 | _aFIL HC 455 | ||
| 050 | _b.A54 2007 | ||
| 100 | _aAngeles, Rey. | ||
| 245 | 4 | _aThe Philippine economy : | |
| 245 | _bdo our leaders have a clue? / | ||
| 245 | _cRey Angeles. | ||
| 260 | _aQuezon City: | ||
| 260 | _bNatural Filipinas Corp., | ||
| 260 | _c2007 | ||
| 300 | _a249 pages : | ||
| 300 | _billustrations ; | ||
| 300 | _c23 cm. | ||
| 650 | _aPhilippines -- | ||
| 650 | _aPhilippines -- | ||
| 650 | _xEconomic condtitions. | ||
| 650 | _xPolitics and government. | ||
| 999 |
_c291294 _d291294 |
||